[Event "FIDE Chesscom Grand Swiss 2019"]
[Site "Douglas-Isle of Man"]
[Date "2019.10.14"]
[Round "5.16"]
[White "Zhang, Zhong"]
[Black "Baron, Tal"]
[Result "1-0"]
[WhiteElo "2636"]
[BlackElo "2531"]
[Annotator "RC"]
[PlyCount "75"]
[EventDate "2019.10.10"]
[EventType "swiss"]
[EventCountry "GBR"]
[SourceTitle "playchess.com"]
[Source "ChessBase"]
[SourceQuality "1"]
[TimeControl "40/6000+30:20/3000+30:900+30"]

1. Nf3 {[%emt 0:00:00]} Nf6 {[%emt 0:00:00]} 2. c4 {[%emt 0:00:08]} c5 {[%emt 0:00:00]} 3. Nc3 {[%emt 0:00:24]} d5 {[%emt 0:00:00]} 4. cxd5 {[%emt 0:00:06]} Nxd5 {[%emt 0:00:00]} 5. e3 {[%emt 0:00:15]} e6 {[%emt 0:00:51]} 6. Nxd5 {[%emt 0:00:29]} exd5 {[%emt 0:00:04]} 7. b4 {[%emt 0:00:11]} cxb4 {[%emt 0:01:05]} 8. Bb2 {[%emt 0:00:04]} Nc6 {[%emt 0:03:59]} 9. Nd4 {[%emt 0:00:22]} h5 {[%emt 0:06:13]} 10. Rc1 {[%emt 0:05:05]} Rh6 {[%emt 0:20:21]} 11. Be2 {[%emt 0:03:42]} Qa5 {[%emt 0:05:03]} 12. Nb3 {[%emt 0:14:41]} Qa4 {[%emt 0:16:02]} 13. O-O {[%emt 0:20:53]} Bf5 {[%emt 0:08:55]} 14. Ra1 {[%emt 0:16:37]} h4 {[%emt 0:12:16]} 15. Bg4 {[%emt 0:06:52]} Bd3 {[%emt 0:00:25]} 16. Re1 {[%emt 0:00:12]} f5 {[%emt 0:02:44]} 17. Be2 {[%emt 0:01:10]} Qa6 {[%emt 0:01:58]} 18. Bh5+ {[%emt 0:07:01]} g6 {[%emt 0:00:45]} 19. Bf3 {[%emt 0:00:10]} O-O-O {[%emt 0:00:50]} 20. Bf6 {[%emt 0:00:51]} Rd7 {[%emt 0:01:24]} 21. Qc1 {[%emt 0:04:31]} Qc4 {[%emt 0:03:15]} 22. Qb2 {[%emt 0:00:25]} Qc2 {[%emt 0:00:52]} 23. Qxc2 {[%emt 0:05:37]} Bxc2 {[%emt 0:00:02]} 24. Rec1 {[%emt 0:00:26]} Bxb3 {[%emt 0:00:58]} 25. axb3 {[%emt 0:00:02]} Kb8 {[%emt 0:00:05]} 26. h3 {[%emt 0:02:41]} Rhh7 {[%emt 0:07:28]} 27. Kf1 {[%emt 0:00:53]} Be7 {[%emt 0:03:11]} 28. Bxe7 {[%emt 0:01:42]} Rhxe7 {[%emt 0:00:01]} 29. Rc5 {[%emt 0:00:32]} Ne5 {[%emt 0:00:21]} 30. Bxd5 {[%emt 0:07:04]} Nd3 {[%emt 0:06:51]} 31. Rb5 {[%emt 0:00:17]} a6 {[%emt 0:01:14]} 32. Rxa6 {[%emt 0:04:15]} Nc5 {[%emt 0:05:44]} 33. Rxg6 {[%emt 0:01:02]} Rxd5 {[%emt 0:00:03]} 34. d4 {[%emt 0:00:25]} Rxd4 {[%emt 0:02:48]} 35. exd4 {[%emt 0:02:47]} Nd3 {[%emt 0:00:01]} 36. g3 {[%emt 0:01:58]} f4 {[%emt 0:00:04]} 37. Rg8+ {[%emt 0:01:36]} Kc7 {[%emt 0:00:03]} 38. gxf4 {[%emt 0:00:18]} 1-0

[Event "FIDE Chesscom Grand Swiss 2019"]
[Site "Douglas-Isle of Man"]
[Date "2019.10.14"]
[Round "5.17"]
[White "Lupulescu, Constantin"]
[Black "Bu, Xiangzhi"]
[Result "1/2-1/2"]
[WhiteElo "2643"]
[BlackElo "2721"]
[Annotator "TA"]
[PlyCount "133"]
[EventDate "2019.10.10"]
[EventType "swiss"]
[EventCountry "GBR"]
[SourceTitle "playchess.com"]
[Source "ChessBase"]
[SourceQuality "1"]

{[%evp 12,133,22,23,26,16,27,33,20,8,15,14,36,43,25,35,35,29,50,24,16,22,18,0,17,0,0,0,0,0,0,0,0,0,0,0,0,0,0,0,17,10,17,6,13,4,13,0,10,0,16,16,30,31,30,32,33,33,49,49,49,49,49,49,49,49,49,49,49,49,49,49,49,49,56,57,8,0,57,57,57,57,57,57,64,64,66,0,0,0,0,0,0,0,6,8,8,8,101,101,101,101,101,101,101,101,101,101,101,101,101,101,101,101,101,101,101,101,101,101,101,101,101,95]} 1. d4 d5 2. c4 c6 3. Nf3 Nf6 4. e3 Bf5 5. Nc3 e6 6. Nh4 Be4 7. f3 Bg6 {D12: Slav Defence: 3 Nf3 Nf6 4 e3 Bf5} 8. Bd2 (8. Qb3 Qc7 9. Bd2 Be7 10. O-O-O dxc4 11. Bxc4 b5 12. Be2 a6 13. Nxg6 hxg6 14. Ne4 Nxe4 15. fxe4 c5 16. d5 exd5 17. exd5 {½-½ (38) Ding,L (2811)-Shankland,S (2705) chess.com INT 2019}) 8... Be7 9. Nxg6 hxg6 {White is slightly better.} 10. Qc2 Nbd7 $146 ({Predecessor:} 10... a6 11. O-O-O Nbd7 12. Be1 b5 13. c5 Qc8 14. g4 Bd8 15. h4 {1-0 (36) Adly,A (2637)-Ibrahimov,R (2518) Riadh 2017}) 11. O-O-O Qc7 12. h4 dxc4 13. Bxc4 b5 14. Bd3 a6 15. Ne4 Nxe4 16. Bxe4 Rc8 17. Kb1 Nf6 18. Rc1 {[%cal Re4c6]} Nxe4 19. Qxe4 Qd7 20. Be1 f5 21. Qc2 c5 22. Bb4 {[%cal Rd4c5]} c4 23. Bxe7 Qxe7 24. Qf2 Kf7 25. g4 b4 26. h5 gxh5 27. gxh5 c3 28. Qg3 Rh6 29. Qe5 Kg8 30. Rh2 Kh7 31. Rg2 Qc7 32. Qxc7 Rxc7 $11 {[%mdl 4096] Endgame KRR-KRR} 33. Rg5 g6 34. Rxg6 Rxg6 35. hxg6+ Kxg6 36. bxc3 bxc3 $14 {KR-KR} 37. Kc2 f4 $1 38. e4 Rc4 $1 39. Rd1 Kf7 40. d5 Ra4 41. Kb3 c2 42. Rc1 Rd4 43. Kc3 Ra4 44. Kb3 Rd4 45. dxe6+ $1 Kxe6 {next ...Rd3+ is good for Black.} 46. Kxc2 Rc4+ 47. Kb2 Rb4+ 48. Kc3 a5 49. Kd3 (49. Ra1 $14) 49... Ra4 $1 $11 50. Rc2 Ra3+ 51. Ke2 (51. Kd4 {is more complex.} Rxf3 52. Rc6+ Kd7 53. Rf6 Ke7 54. e5) 51... a4 52. Kf2 Rd3 53. Kg2 a3 54. Rc5 Re3 ({Much weaker is} 54... Rd2+ $6 55. Kh3 $16) (54... Kd6 $11 {keeps the balance.} 55. Rc2 Ke5) 55. Rf5 $16 {White is better.} Re2+ 56. Kh3 $1 Rxa2 57. Kg4 Ra1 58. Kxf4 a2 59. Ra5 Kf7 60. Ra7+ Kf6 61. Ra6+ Kf7 62. e5 Ke7 63. Kf5 Rf1 {[#]} 64. Ra7+ $1 ({Of course not} 64. Rxa2 $6 Rxf3+ 65. Ke4 Rf1 $11) 64... Kf8 65. Rxa2 Rxf3+ {[#]} 66. Ke6 $1 {Ra8+ is the strong threat.} Re3 67. Ra8+ {Accuracy: White = 78%, Black = 67%.} 1/2-1/2

[Event "FIDE Chesscom Grand Swiss 2019"]
[Site "Douglas-Isle of Man"]
[Date "2019.10.14"]
[Round "5.17"]
[White "Saduakassova, Dinara"]
[Black "Mareco, Sandro"]
[Result "1/2-1/2"]
[WhiteElo "2481"]
[BlackElo "2634"]
[Annotator "RC"]
[PlyCount "62"]
[EventDate "2019.10.10"]
[EventType "swiss"]
[EventCountry "GBR"]
[SourceTitle "playchess.com"]
[Source "ChessBase"]
[SourceQuality "1"]
[TimeControl "40/6000+30:20/3000+30:900+30"]

1. d4 {[%emt 0:00:00]} Nf6 {[%emt 0:00:00]} 2. c4 {[%emt 0:00:00]} e6 {[%emt 0:00:00]} 3. Nf3 {[%emt 0:00:00]} d5 {[%emt 0:00:00]} 4. g3 {[%emt 0:00:00]} Be7 {[%emt 0:00:03]} 5. Bg2 {[%emt 0:00:04]} O-O {[%emt 0:00:05]} 6. O-O {[%emt 0:00:03]} dxc4 {[%emt 0:00:05]} 7. Qc2 {[%emt 0:00:02]} a6 {[%emt 0:00:10]} 8. a4 {[%emt 0:00:20]} Bd7 {[%emt 0:00:04]} 9. Qxc4 {[%emt 0:03:02]} Bc6 {[%emt 0:00:06]} 10. Bf4 {[%emt 0:00:32]} Bd6 {[%emt 0:00:50]} 11. Bg5 {[%emt 0:04:30]} Nbd7 {[%emt 0:09:52]} 12. Nc3 {[%emt 0:03:17]} h6 {[%emt 0:01:07]} 13. Bxf6 {[%emt 0:10:09]} Nxf6 {[%emt 0:00:05]} 14. Rfe1 {[%emt 0:02:46]} Bd5 {[%emt 0:06:12]} 15. Qd3 {[%emt 0:05:54]} Bxf3 {[%emt 0:00:13]} 16. Bxf3 {[%emt 0:03:23]} c6 {[%emt 0:00:05]} 17. Red1 {[%emt 0:04:14]} Qa5 {[%emt 0:08:04]} 18. Qc4 {[%emt 0:04:27]} Rad8 {[%emt 0:04:18]} 19. Rab1 {[%emt 0:04:49]} Nd5 {[%emt 0:03:51]} 20. Ne4 {[%emt 0:02:37]} Nb6 {[%emt 0:04:05]} 21. Qb3 {[%emt 0:02:36]} Bb4 {[%emt 0:04:26]} 22. Ra1 {[%emt 0:02:39]} Rfe8 {[%emt 0:05:47]} 23. Kg2 {[%emt 0:05:13]} Bf8 {[%emt 0:22:58]} 24. e3 {[%emt 0:05:03]} Rb8 {[%emt 0:07:37]} 25. Qc3 {[%emt 0:08:38]} Bb4 {[%emt 0:03:32]} 26. Qc2 {[%emt 0:04:18]} Nd7 {[%emt 0:00:46]} 27. Nd2 {[%emt 0:04:52]} Qc7 {[%emt 0:00:11]} 28. Rac1 {[%emt 0:03:29]} Rbd8 {[%emt 0:01:49]} 29. Ne4 {[%emt 0:02:43]} a5 {[%emt 0:01:39]} 30. h4 {[%emt 0:02:23]} Be7 {[%emt 0:04:23]} 31. Qb3 {[%emt 0:03:10]} Qb6 {[%emt 0:06:14]} 1/2-1/2

[Event "FIDE Chesscom Grand Swiss 2019"]
[Site "Douglas-Isle of Man"]
[Date "2019.10.14"]
[Round "5.18"]
[White "Vidit, Santosh Gujrathi"]
[Black "Hovhannisyan, Robert"]
[Result "1/2-1/2"]
[WhiteElo "2718"]
[BlackElo "2639"]
[Annotator "RC"]
[PlyCount "226"]
[EventDate "2019.10.10"]
[EventType "swiss"]
[EventCountry "GBR"]
[SourceTitle "playchess.com"]
[Source "ChessBase"]
[SourceQuality "1"]
[TimeControl "40/6000+30:20/3000+30:900+30"]

1. d4 {[%emt 0:00:00]} d5 {[%emt 0:00:00]} 2. c4 {[%emt 0:00:09]} c6 {[%emt 0:00:00]} 3. Nc3 {[%emt 0:00:10]} Nf6 {[%emt 0:00:00]} 4. e3 {[%emt 0:00:09]} e6 {[%emt 0:00:07]} 5. Nf3 {[%emt 0:00:19]} Nbd7 {[%emt 0:00:14]} 6. Bd3 {[%emt 0:00:22]} dxc4 {[%emt 0:00:10]} 7. Bxc4 {[%emt 0:00:09]} b5 {[%emt 0:00:04]} 8. Bd3 {[%emt 0:00:11]} Bd6 {[%emt 0:00:07]} 9. Qc2 {[%emt 0:00:19]} Bb7 {[%emt 0:03:26]} 10. e4 {[%emt 0:00:13]} e5 {[%emt 0:00:46]} 11. Bg5 {[%emt 0:00:18]} O-O {[%emt 0:04:22]} 12. O-O-O {[%emt 0:00:15]} h6 {[%emt 0:06:24]} 13. Bh4 {[%emt 0:00:36]} Re8 {[%emt 0:02:26]} 14. Kb1 {[%emt 0:01:25]} a5 {[%emt 0:06:58]} 15. dxe5 {[%emt 0:49:03]} Nxe5 {[%emt 0:01:32]} 16. Nxe5 {[%emt 0:02:05]} Bxe5 {[%emt 0:00:31]} 17. Bxb5 {[%emt 0:01:34]} Qe7 {[%emt 0:12:10]} 18. Ba4 {[%emt 0:03:57]} Bxc3 {[%emt 0:14:35]} 19. bxc3 {[%emt 0:00:11]} g5 {[%emt 0:04:02]} 20. Bg3 {[%emt 0:00:20]} Qxe4 {[%emt 0:01:13]} 21. f3 {[%emt 0:01:12]} Qxc2+ {[%emt 0:00:28]} 22. Kxc2 {[%emt 0:00:06]} Nd5 {[%emt 0:03:40]} 23. Bf2 {[%emt 0:13:35]} Re2+ {[%emt 0:01:23]} 24. Rd2 {[%emt 0:03:04]} Rae8 {[%emt 0:00:10]} 25. Rhd1 {[%emt 0:00:13]} Rxf2 {[%emt 0:01:20]} 26. Rxf2 {[%emt 0:00:40]} Ne3+ {[%emt 0:00:03]} 27. Kc1 {[%emt 0:04:55]} Nxd1 {[%emt 0:00:07]} 28. Kxd1 {[%emt 0:00:04]} Ba6 {[%emt 0:05:51]} 29. f4 {[%emt 0:02:42]} Re4 {[%emt 0:22:36]} 30. Bxc6 {[%emt 0:00:10]} Rc4 {[%emt 0:00:05]} 31. Bd5 {[%emt 0:02:37]} Rxc3 {[%emt 0:01:00]} 32. Bb3 {[%emt 0:04:19]} Rd3+ {[%emt 0:04:34]} 33. Kc1 {[%emt 0:03:17]} a4 {[%emt 0:08:26]} 34. Bxa4 {[%emt 0:00:18]} Rd4 {[%emt 0:00:04]} 35. Bb3 {[%emt 0:00:18]} gxf4 {[%emt 0:00:06]} 36. Kc2 {[%emt 0:02:35]} Bb7 {[%emt 0:02:45]} 37. Kc3 {[%emt 0:02:20]} Re4 {[%emt 0:00:05]} 38. Bc2 {[%emt 0:04:16]} Re5 {[%emt 0:04:17]} 39. Rxf4 {[%emt 0:00:19]} Bxg2 {[%emt 0:00:32]} 40. Bb3 {[%emt 0:00:23]} Bd5 {[%emt 0:02:24]} 41. Rg4+ {[%emt 0:16:19]} Kf8 {[%emt 0:20:51]} 42. Kd4 {[%emt 0:13:36]} Bxb3 {[%emt 0:00:27]} 43. Kxe5 {[%emt 0:00:05]} Bxa2 {[%emt 0:00:06]} 44. Kf6 {[%emt 0:00:06]} Be6 {[%emt 0:00:35]} 45. Rh4 {[%emt 0:03:43]} Kg8 {[%emt 0:00:28]} 46. Rxh6 {[%emt 0:00:04]} Bc4 {[%emt 0:00:30]} 47. Rh3 {[%emt 0:01:15]} Be6 {[%emt 0:00:58]} 48. Rh4 {[%emt 0:06:09]} Bb3 {[%emt 0:01:02]} 49. Rb4 {[%emt 0:01:02]} Be6 {[%emt 0:00:17]} 50. Rb5 {[%emt 0:00:13]} Kh7 {[%emt 0:00:27]} 51. Rh5+ {[%emt 0:00:11]} Kg8 {[%emt 0:00:05]} 52. Ke7 {[%emt 0:04:25]} Kg7 {[%emt 0:00:52]} 53. Rg5+ {[%emt 0:00:30]} Kh6 {[%emt 0:00:26]} 54. Rg8 {[%emt 0:03:32]} Kh7 {[%emt 0:00:26]} 55. Kf8 {[%emt 0:00:31]} Bb3 {[%emt 0:00:51]} 56. Rg4 {[%emt 0:01:11]} Be6 {[%emt 0:00:43]} 57. Rh4+ {[%emt 0:01:54]} Kg6 {[%emt 0:00:04]} 58. Rh8 {[%emt 0:00:10]} Bb3 {[%emt 0:01:58]} 59. Rh3 {[%emt 0:08:05]} Be6 {[%emt 0:01:07]} 60. Rg3+ {[%emt 0:01:28]} Kh7 {[%emt 0:00:17]} 61. Rg1 {[%emt 0:17:13]} Kh8 {[%emt 0:15:45]} 62. Rg7 {[%emt 0:00:35]} Bb3 {[%emt 0:00:53]} 63. Rg5 {[%emt 0:00:00]} Kh7 {[%emt 0:00:00]} 64. Ke7 {[%emt 0:00:00]} Be6 {[%emt 0:00:00]} 65. Kf6 {[%emt 0:00:00]} Kh8 {[%emt 0:00:00]} 66. Ra5 {[%emt 0:00:00]} Kh7 {[%emt 0:00:00]} 67. Ra8 {[%emt 0:00:00]} Bd5 {[%emt 0:00:00]} 68. Rb8 {[%emt 0:00:00]} Be6 {[%emt 0:00:00]} 69. Rb4 {[%emt 0:00:00]} Kg8 {[%emt 0:00:00]} 70. Rb1 {[%emt 0:00:00]} Kh7 {[%emt 0:00:00]} 71. Rc1 {[%emt 0:00:00]} Kg8 {[%emt 0:00:00]} 72. Rg1+ {[%emt 0:00:00]} Kh7 {[%emt 0:00:00]} 73. Rg2 {[%emt 0:00:00]} Kh8 {[%emt 0:00:00]} 74. Rg5 {[%emt 0:00:00]} Kh7 {[%emt 0:00:00]} 75. Ke7 {[%emt 0:00:00]} Kh6 {[%emt 0:00:00]} 76. Rg1 {[%emt 0:00:00]} Kh7 {[%emt 0:00:00]} 77. Kf8 {[%emt 0:00:00]} Bb3 {[%emt 0:00:00]} 78. Rg4 {[%emt 0:00:15]} Be6 {[%emt 0:00:00]} 79. Rb4 {[%emt 0:00:59]} Ba2 {[%emt 0:00:00]} 80. Rb5 {[%emt 0:01:22]} Be6 {[%emt 0:00:00]} 81. h4 {[%emt 0:02:26]} Bc4 {[%emt 0:00:00]} 82. Rh5+ {[%emt 0:02:17]} Kg6 {[%emt 0:00:00]} 83. Rc5 {[%emt 0:00:12]} Be6 {[%emt 0:00:00]} 84. Kg8 {[%emt 0:00:12]} f5+ {[%emt 0:02:57]} 85. Kf8 {[%emt 0:00:05]} Kh5 {[%emt 0:00:41]} 86. Ke7 {[%emt 0:00:08]} Bg8 {[%emt 0:05:12]} 87. Kf6 {[%emt 0:00:50]} Kxh4 {[%emt 0:00:23]} 88. Kxf5 {[%emt 0:00:45]} Kg3 {[%emt 0:01:23]} 89. Rc7 {[%emt 0:01:03]} Bd5 {[%emt 0:00:30]} 90. Rc3+ {[%emt 0:00:21]} Kf2 {[%emt 0:00:45]} 91. Ke5 {[%emt 0:00:24]} Ba8 {[%emt 0:00:45]} 92. Kd4 {[%emt 0:00:22]} Bg2 {[%emt 0:00:34]} 93. Rc2+ {[%emt 0:00:23]} Kf3 {[%emt 0:00:26]} 94. Ke5 {[%emt 0:00:07]} Kg3 {[%emt 0:01:26]} 95. Rc3+ {[%emt 0:00:06]} Kg4 {[%emt 0:00:15]} 96. Rc8 {[%emt 0:00:04]} Kf3 {[%emt 0:00:22]} 97. Rg8 {[%emt 0:00:03]} Bh3 {[%emt 0:00:49]} 98. Rf8+ {[%emt 0:00:14]} Ke3 {[%emt 0:00:35]} 99. Ra8 {[%emt 0:00:03]} Bg2 {[%emt 0:00:54]} 100. Ra3+ {[%emt 0:00:06]} Ke2 {[%emt 0:00:16]} 101. Rb3 {[%emt 0:01:28]} Bc6 {[%emt 0:00:34]} 102. Kd4 {[%emt 0:00:18]} Bg2 {[%emt 0:00:48]} 103. Rb8 {[%emt 0:00:15]} Kf3 {[%emt 0:00:29]} 104. Rg8 {[%emt 0:00:10]} Bf1 {[%emt 0:00:47]} 105. Rf8+ {[%emt 0:00:26]} Ke2 {[%emt 0:00:16]} 106. Re8+ {[%emt 0:00:08]} Kf3 {[%emt 0:00:25]} 107. Re3+ {[%emt 0:00:09]} Kf4 {[%emt 0:00:24]} 108. Re1 {[%emt 0:00:05]} Bg2 {[%emt 0:00:18]} 109. Kd3 {[%emt 0:00:06]} Bb7 {[%emt 0:00:56]} 110. Re7 {[%emt 0:00:15]} Bg2 {[%emt 0:00:25]} 111. Kd4 {[%emt 0:00:03]} Kf5 {[%emt 0:00:26]} 112. Rf7+ {[%emt 0:00:12]} Ke6 {[%emt 0:00:33]} 113. Rg7 {[%emt 0:00:02]} Bf3 {[%emt 0:00:25]} 1/2-1/2

[Event "FIDE Chesscom Grand Swiss 2019"]
[Site "Douglas-Isle of Man"]
[Date "2019.10.14"]
[Round "5.18"]
[White "Jumabayev, Rinat"]
[Black "Munguntuul, Batkhuyag"]
[Result "1-0"]
[WhiteElo "2630"]
[BlackElo "2421"]
[Annotator "RC"]
[PlyCount "79"]
[EventDate "2019.10.10"]
[EventType "swiss"]
[EventCountry "GBR"]
[SourceTitle "playchess.com"]
[Source "ChessBase"]
[SourceQuality "1"]
[TimeControl "40/6000+30:20/3000+30:900+30"]

1. e4 {[%emt 0:00:00]} c5 {[%emt 0:00:00]} 2. Nf3 {[%emt 0:00:00]} e6 {[%emt 0:00:00]} 3. d4 {[%emt 0:00:00]} cxd4 {[%emt 0:00:00]} 4. Nxd4 {[%emt 0:00:00]} Nc6 {[%emt 0:00:00]} 5. Nc3 {[%emt 0:00:00]} d6 {[%emt 0:00:03]} 6. g4 {[%emt 0:00:00]} Nge7 {[%emt 0:01:00]} 7. Be3 {[%emt 0:00:33]} Nxd4 {[%emt 0:02:56]} 8. Qxd4 {[%emt 0:00:51]} Nc6 {[%emt 0:02:57]} 9. Qd2 {[%emt 0:00:31]} Be7 {[%emt 0:00:47]} 10. O-O-O {[%emt 0:01:07]} a6 {[%emt 0:00:39]} 11. f4 {[%emt 0:03:51]} b5 {[%emt 0:07:34]} 12. g5 {[%emt 0:02:20]} Bb7 {[%emt 0:05:24]} 13. Rg1 {[%emt 0:12:15]} Rc8 {[%emt 0:14:46]} 14. Kb1 {[%emt 0:07:06]} Qa5 {[%emt 0:06:26]} 15. Bg2 {[%emt 0:05:48]} b4 {[%emt 0:02:45]} 16. Ne2 {[%emt 0:03:21]} O-O {[%emt 0:09:21]} 17. h4 {[%emt 0:11:56]} f5 {[%emt 0:18:49]} 18. exf5 {[%emt 0:09:20]} Rxf5 {[%emt 0:09:18]} 19. Nd4 {[%emt 0:10:13]} Nxd4 {[%emt 0:03:39]} 20. Bxb7 {[%emt 0:00:33]} Rb8 {[%emt 0:00:53]} 21. Qxd4 {[%emt 0:03:11]} Rxb7 {[%emt 0:00:02]} 22. Qe4 {[%emt 0:00:09]} Rc7 {[%emt 0:02:38]} 23. Qxe6+ {[%emt 0:00:18]} Rf7 {[%emt 0:00:02]} 24. h5 {[%emt 0:09:30]} Qf5 {[%emt 0:00:06]} 25. Qb3 {[%emt 0:00:24]} Kh8 {[%emt 0:01:11]} 26. Rd5 {[%emt 0:02:58]} Qe6 {[%emt 0:02:40]} 27. Qd3 {[%emt 0:03:58]} Bf8 {[%emt 0:04:16]} 28. f5 {[%emt 0:01:23]} Qe8 {[%emt 0:00:03]} 29. f6 {[%emt 0:13:19]} Rc6 {[%emt 0:02:57]} 30. h6 {[%emt 0:01:58]} g6 {[%emt 0:00:49]} 31. Bd2 {[%emt 0:00:37]} Rb7 {[%emt 0:01:25]} 32. Re1 {[%emt 0:01:29]} Qf7 {[%emt 0:00:08]} 33. b3 {[%emt 0:01:53]} Kg8 {[%emt 0:02:46]} 34. Ra5 {[%emt 0:01:27]} Rbb6 {[%emt 0:01:25]} 35. Qd4 {[%emt 0:01:59]} Qc7 {[%emt 0:02:58]} 36. Rf1 {[%emt 0:00:41]} Qf7 {[%emt 0:01:46]} 37. Bxb4 {[%emt 0:00:27]} Rb8 {[%emt 0:00:16]} 38. Bd2 {[%emt 0:00:34]} Rbc8 {[%emt 0:00:37]} 39. Rc1 {[%emt 0:00:15]} Qe6 {[%emt 0:01:02]} 40. Qd3 {[%emt 0:00:17]} 1-0

[Event "FIDE Chesscom Grand Swiss 2019"]
[Site "Douglas-Isle of Man"]
[Date "2019.10.14"]
[Round "5.19"]
[White "Dubov, Daniil"]
[Black "Hess, Robert"]
[Result "1/2-1/2"]
[WhiteElo "2699"]
[BlackElo "2581"]
[Annotator "TA"]
[PlyCount "89"]
[EventDate "2019.10.10"]
[EventType "swiss"]
[EventCountry "GBR"]
[SourceTitle "playchess.com"]
[Source "ChessBase"]
[SourceQuality "1"]

{[%evp 15,89,33,33,33,36,31,33,20,37,35,43,27,31,29,39,25,30,30,44,29,52,51,48,27,45,51,41,46,53,24,183,134,211,208,239,228,227,243,233,233,240,222,330,235,236,248,250,129,120,77,70,0,0,0,106,65,56,-8,-8,-8,-8,-8,-8,-8,-8,-8,0,-13,0,-1,-1,-1,-1,-22,-8,-8]} 1. c4 e6 2. Nf3 Nf6 3. g3 d5 4. d4 dxc4 5. Bg2 Be7 6. Qa4+ Bd7 7. Qxc4 Bc6 8. O-O O-O 9. Nc3 {E02: Open Catalan: 5 Qa4+} a6 (9... Nbd7 10. Bg5 Nd5 11. Bxe7 Qxe7 {½-½ (11) Gareyev,T (2658)-Shabalov,A (2553) Los Angeles 2012}) 10. Bg5 Nbd7 11. Rfe1 {White is slightly better.} h6 {aiming for ...Nb6.} 12. Bxf6 Bxf6 13. Rad1 $146 ({Predecessor:} 13. e4 Nb6 14. Qd3 Na4 15. Nxa4 Bxa4 16. e5 Be7 17. Nd2 c5 {½-½ (79) Arakeljan,A (2320)-Gorskiy,A (1708) Bolkhov 2017}) 13... Nb6 14. Qb3 a5 15. e4 a4 16. Qc2 $1 Ra5 17. Ne2 Bb5 18. Nf4 c6 19. h4 Bc4 20. b3 axb3 21. axb3 Ba6 22. Bh3 (22. Qd2 $5 {[%cal Rd2a5]} Ra3 23. Qb2 $11) 22... Nd7 $2 (22... Bb5 $1 $11 {and Black stays safe.}) 23. Kg2 Be7 {[#]} (23... Qe8 $16 {was necessary.}) 24. d5 $1 $18 {[%cal Rd5e6]} Rc5 25. Qb1 cxd5 26. exd5 e5 27. d6 ({Stronger than} 27. Nxe5 Nxe5 28. Rxe5 Bd6 $11) 27... Bf6 28. b4 {And now Ne6! would win.} Rc4 (28... exf4 $142 29. bxc5 Nxc5 30. gxf4 b6) 29. Nd5 Bb5 30. Qb3 Nb6 31. Nxe5 (31. Nxf6+ $18 Qxf6 32. Nxe5) 31... Bxe5 $16 32. Rxe5 {Threatens to win with Ne7+.} Ba4 33. Qe3 (33. Ne7+ $14 Kh8 34. Qf3 Bxd1 35. Qxd1 Rxb4 36. d7) 33... Bxd1 $11 34. Nxb6 Rc2 (34... Rxb4 $11 35. Nc8 Ba4 36. Ne7+ Kh8) 35. Qd4 Qf6 $1 36. Bf5 (36. Nd7 $1 $14 Qf3+ 37. Kg1) 36... Rd2 $1 {[%cal Rd2d4] The position is equal.} 37. Qf4 $132 {[%mdl 2048] Black must now prevent d7. White is fighting back} Rxd6 38. Nd7 {[#]} Rxd7 $1 {[%mdl 512]} 39. Bxd7 {next Qxf6 is good for White.} Qxf4 40. gxf4 {KRB-KRB} Rd8 41. Bf5 Ba4 42. Be4 Rd4 {Strongly threatening ...f6.} 43. Bxb7 Rxb4 44. Re4 Rxb7 45. Rxa4 {Accuracy: White = 47%, Black = 52%.} 1/2-1/2

[Event "FIDE Chesscom Grand Swiss 2019"]
[Site "Douglas-Isle of Man"]
[Date "2019.10.14"]
[Round "5.19"]
[White "Riazantsev, Alexander"]
[Black "Matlakov, Maxim"]
[Result "1/2-1/2"]
[WhiteElo "2645"]
[BlackElo "2716"]
[Annotator "TA"]
[PlyCount "61"]
[EventDate "2019.10.10"]
[EventType "swiss"]
[EventCountry "GBR"]
[SourceTitle "playchess.com"]
[Source "ChessBase"]
[SourceQuality "1"]

{[%evp 14,61,19,11,35,-7,7,0,0,-3,0,0,0,0,0,0,0,0,21,5,29,30,29,27,30,30,34,6,16,0,0,0,0,0,0,0,0,0,0,0,0,0,0,0,0,0,0,0,0,0]} 1. d4 Nf6 2. c4 e6 3. Nf3 d5 4. Nc3 c6 5. Bg5 h6 6. Bxf6 Qxf6 7. e3 Nd7 8. Be2 dxc4 {D43: Semi-Slav: 5 Bg5 h6} 9. Nd2 $146 ({Predecessor:} 9. O-O Bd6 10. Bxc4 Qe7 11. Rc1 O-O 12. Ne4 Bc7 13. Bb3 Kh8 14. Nc5 Nxc5 15. Rxc5 Rd8 16. Qc2 Bd7 17. Qe4 Bd6 18. Rc3 Rac8 19. Rfc1 Be8 20. h3 Rc7 21. a3 Rdc8 22. Bc2 g6 23. Nd2 c5 24. Bb3 {½-½ (24) Mamedyarov,S (2817)-Dubov,D (2703) St Petersburg 2018}) 9... e5 10. Nxc4 exd4 11. exd4 Nb6 12. O-O Be7 13. d5 Nxd5 14. Nxd5 cxd5 15. Ne3 Be6 16. Nxd5 Bxd5 (16... Qe5 {is more complex.} 17. Bc4 Bxd5 18. Bxd5 O-O 19. Qb3 Bf6) 17. Qxd5 {Strongly threatening Bb5+.} O-O 18. Qxb7 Rab8 19. Qxa7 Rxb2 20. Bf3 Bd6 {[#] White must now prevent ...Qe5.The position is equal.} 21. Rad1 Qf4 {[%csl Gd6][%cal Rf4h2]} 22. g3 Qxf3 23. Rxd6 Ra8 24. Qd4 Rbxa2 25. Rd8+ Rxd8 26. Qxd8+ $11 {KQR-KQR} Kh7 27. Qd1 Qxd1 28. Rxd1 g6 29. h4 h5 30. Kg2 Kg7 31. Rd4 {Accuracy: White = 73%, Black = 68%.} 1/2-1/2